| 000 | 00448nam a22001817a 4500 | ||
|---|---|---|---|
| 003 | CEME | ||
| 005 | 20210628203212.0 | ||
| 008 | 210203b xxu||||| |||| 00| 0 eng d | ||
| 020 | _a9788131507742 | ||
| 040 | _c. | ||
| 082 | _a658.1552 GUA | ||
| 100 |
_aGuan, Liming , Hansen, Don R _963936 |
||
| 245 | _aCost management | ||
| 260 |
_aAUSTRALIA _bSOUTH WESTERN _c2009 |
||
| 300 | _a571P | ||
| 650 |
_aCOST MANAGEMENT _963937 |
||
| 942 |
_cBK _2ddc |
||
| 999 |
_c572617 _d572617 |
||